Counties of New Brunswick - Statistics

General Stats
  • This quiz has been taken 95 times
  • The average score is 7 of 15
Answer Stats
County Population % Correct
Kings 75,054
69%
Queens 11,661
69%
Restigouche 31,604
61%
Northumberland 47,596
58%
York 115,230
58%
Charlotte 27,518
56%
Madawaska 34,070
56%
Westmorland 185,856
53%
Saint John 82,158
50%
Albert 32,354
47%
Carleton 27,832
42%
Kent 34,198
42%
Victoria 19,013
39%
Sunbury 29,359
36%
Glouceter 81,198
8%
No matching quizzes found
Score Distribution
Percent of People with Each Score
Percentile by Number Answered
Your Score History
You have not taken this quiz